| 000 | 00545nam a22001937a 4500 | ||
|---|---|---|---|
| 003 | OSt | ||
| 005 | 20140310182830.0 | ||
| 008 | 130601t xxu||||| |||| 00| 0 eng d | ||
| 050 |
_aUA 646.3 _b.K17 1968 |
||
| 082 |
_aM 355.03 _bN82 1968 |
||
| 245 |
_aNATO and the Policy of Containment _cKaplan, Lawrence S. |
||
| 260 |
_aUnited States of America : _bRaytheon Education Company, _cc1968. |
||
| 300 |
_axiv, 114 p. _c23 cm. |
||
| 521 | _aCollege Students | ||
| 526 | _c1210L-1700L | ||
| 541 | _j1 | ||
| 562 | _e1 | ||
| 942 |
_2lcc _cBK _kM |
||
| 999 |
_c16605 _d16605 |
||